El dibujo como instrumento arquitectónico

Bibliographic Details
Main Author: Lockard Kirby, William
Format: Section = Libro
Language:Undetermined
Spanish
Published: México Trillas 1989
Subjects:
LEADER 00482nam a2200181Ia 4500
008 240829s9999 xx 000 0 und d
020 |a 968-24-3664-8 
040 |a BIBLIOTECA-RUSB/ Res 720.28 L813 
041 |a spa 
082 |a Res 720.28 L813 
100 1 |a Lockard Kirby, William 
245 1 0 |a El dibujo como instrumento arquitectónico 
260 |a México  |b Trillas  |c 1989 
300 |a 112 p. :il. 
650 7 |a DIBUJO ARQUITECTONICO 
942 |c BK  |2 ddc 
991 |a TEXTO 
999 |c 6788